000 00736 a2200169 4500
003 Nust
005 20221207133101.0
040 _cNust
082 _a297.122521,AZA
245 _aThe Tarjuman al-Quran (Vol-II to III) /
_cMawlana Abul Kalam Azad
260 _aLahore
_bKazi Publications
300 _axxiii,503. p.;
490 _vVol-II to III
505 _aPart-1: The cow (Page-3), Part-2: Surat Al Baqarah (Page-57), Part-3: Al-Baqarah (Page-119) Part-4: Al-I-Imran (Page-171), Part-5: Al-Nisa (Page-223), Part-6: The food (Page-277), Part-7: Al-Maida (Page-317), Part-8: The cattle (Page-373), Part-9: Spoils of war (Page-468), Part-10: Spoils of war (Page-487).
650 _aQuran
_9104355
942 _2ddc
_cBK
_k297.122521,AZA
999 _c215376
_d215376